000 00931nam a2200253 a 4500
001 BRCA_1211
005 20190320203329.0
008 141005s2002----mx-a---###---#000-0#spa-#
020 _a9685011265
041 _aspa
044 _amx
050 4 _aF1226
_b.M37 2002
245 1 0 _aMaravillas y curiosidades
_bmundos inéditos de la Universidad
_ccoordinación editorial Lucinda Gutiérrez, Gabriela Pardo ; coordinación de fotografía Jimena Mateos.
260 _aMéxico
_bAntiguo Colegio de San Ildefonso
_c2002
300 _a446 p.
_bil. (algunas a color)
_c31 cm.
504 _aBibliografía : p. 381-385
650 1 4 _aUniversidades y colegios
_vExposiciones
_xHistoria
_zMéxico
_93977
650 1 4 _aCuriosidades y maravillas
_zMéxico
_93978
651 4 _aMéxico (Ciudad)
_vExposiciones
_93979
700 1 _aGutiérrez, Lucinda
_93980
700 1 _aPardo, Gabriela
_93981
700 1 _aMateos, Jimena
_93982
942 _2lcc
_cB
999 _c1084
_d1084